| 000 | 03607nam0a2200481 4500 | ||
|---|---|---|---|
| 001 | RU\NLR\BIBL_A\016278570 | ||
| 005 | 20230524094821.0 | ||
| 010 |
_9100 _a978-5-7508-1956-0 |
||
| 021 |
_aRU _bКН-П-22-094320 _9КН-П-22-8426 |
||
| 029 | 1 | 0 |
_aRU _b2.6.1.0294-22 _cМР |
| 035 | _a(NLR Aleph) 016278570 | ||
| 035 | _a(RuMoRGB)011509920 | ||
| 090 |
_a12909377 _c12909377 |
||
| 100 | _a20230207d2022 k y0rusy50 ca | ||
| 101 | 0 | _arus | |
| 102 | _aRU | ||
| 105 | _ay l 000|y | ||
| 181 | 1 |
_ai _b e |
|
| 182 | 1 | _an | |
| 200 | 9 |
_aДействия специализированных формирований Роспотребнадзора в случае радиационного инцидента при проведении массовых мероприятий _eМР 2.6.1.0294-22 _fРазработаны ФБУН Санкт-Петербургским научным-исследовательским институтом радиационной гигиены имени профессора П.В. Рамзаева Роспотребнадзора |
|
| 203 |
_aТекст _bвизуальный _cнепосредственный |
||
| 205 | _aИзд. офиц. | ||
| 210 |
_aМосква _cРоспотребнадзор _d2022 |
||
| 215 |
_a18, [1] с. _d21 |
||
| 225 | 1 | _aФедеральная служба по надзору в сфере защиты прав потребителей и благополучия человека | |
| 225 | 1 | _a2.6.1. Радиационная гигиена. Ионизирующее излучение, радиационная безопасность | |
| 239 | _aВвед.29.07.2022 | ||
| 320 | _aБиблиогр.: с. 19 (12 назв.) | ||
| 330 | _a1. Разработаны ФБУН "Санкт-Петербургский научно-исследовательский институт радиационной гигиены имени профессора П.В. Рамзаева" Роспотребнадзора (Барковский А. Н., Брук Г. Я., Громов А. В., Омельчук В. В., Сапрыкин К. А.). 2. Утверждены руководителем Федеральной службы по надзору в сфере защиты прав потребителей и благополучия человека, Главным государственным санитарным врачом Российской Федерации А. Ю. Поповой 29 июля 2022 г. 3. Введены впервые | ||
| 517 | 1 | _aМР 2.6.1.0294-22 | |
| 606 | 1 |
_aМассовые мероприятия _xРадиационный контроль _jМетодические пособия _2nlr_sh2 _3RU\NLR\AUTH\6601721064 |
|
| 606 | 1 |
_aМассовые мероприятия _xСанитарно-эпидемиологический надзор _jМетодические пособия _2nlr_sh2 _3RU\NLR\AUTH\6601721065 |
|
| 675 |
_a614.876(083.74) _v4 |
||
| 686 |
_v2000 _2oks |
||
| 686 | 1 | _aР126.03я8 | |
| 686 | 1 | _aР11(2)1я8 | |
| 712 | 0 | 1 |
_aРоссийская Федерация _bФедеральная служба по надзору в сфере защиты прав потребителей и благополучия человека _3RU\NLR\AUTH\8810073282 _4725 |
| 712 | 0 | 2 |
_aСанкт-Петербургский НИИ радиационной гигиены им. П. В. Рамзаева _3RU\NLR\AUTH\8810131242 _4900 |
| 942 | _cBOOK | ||
| 980 | _aNB | ||